000 00576nam a2200169 a 4500
008 120416s1987 ||||||||||||||||| || u
050 _aKF 889 Smi
100 _aRoberts, Barry S
245 1 0 _aBusiness law and the regulation of business
250 _a2nd ed.
260 _aNew York
_bWest
_c1987
350 _a0.00
650 _aCOMMERCIAL LAW--UNITED STATES
650 0 _aCOMMERCE
700 _aSmith, Len Young
995 _D0.00
_FCBU-MAIN LIBRARY (Kitwe)
_H1
_I36.00
_M1
_UAVAILABLE
_ZMain Library Open Access Collection
999 _c36468
_d36468